MARC
|
|
|
|
| LEADER |
00000naa2a2200000 4500 |
| 001 |
422298 |
| 005 |
20231101073741.0 |
| 035 |
|
|
|a (RuTPU)RU\TPU\prd\80128
|
| 035 |
|
|
|a RU\TPU\prd\4551
|
| 090 |
|
|
|a 422298
|
| 100 |
|
|
|a 20100409a2002 k y0rusy50 ca
|
| 101 |
0 |
|
|a rus
|
| 102 |
|
|
|a RU
|
| 200 |
1 |
|
|a Полевая и температурная зависимости теплоёмкости свехпроводника La1.85Sr0.15Cu0.4
|f Г. Х. Панова, А. А. Шиков, М. Н. Хлопкин, Н. А. Черноплеков
|
| 225 |
1 |
|
|a Металлы. Сверхпроводники
|
| 320 |
|
|
|a Библиогр.: 19 назв.
|
| 461 |
|
1 |
|0 (RuTPU)RU\TPU\prd\409
|x 0367-3294
|t Физика твердого тела
|f Российская академия наук ; Физико-технический институт им. А. Ф. Иоффе
|d 1959-
|
| 463 |
|
1 |
|0 (RuTPU)RU\TPU\prd\80123
|t Т. 44, № 1
|v с. 29-32
|d 2002
|
| 610 |
1 |
|
|a теплоёмкость
|
| 610 |
1 |
|
|a сверхпроводники
|
| 610 |
1 |
|
|a температурная зависимость
|
| 610 |
1 |
|
|a монокристаллы
|
| 701 |
|
1 |
|a Панова
|b Г. Х.
|
| 701 |
|
1 |
|a Шиков
|b А. А.
|
| 701 |
|
1 |
|a Хлопкин
|b М. Н.
|
| 701 |
|
1 |
|a Черноплеков
|b Н. А.
|
| 801 |
|
1 |
|a RU
|b 63413507
|c 20020610
|g PSBO
|
| 801 |
|
2 |
|a RU
|b 63413507
|c 20100409
|g PSBO
|
| 942 |
|
|
|c BK
|